000 00755cam a2200277 a 4500
001 19072
003 BD-RjUL
005 20211209000359.0
008 140223s1976 enka b 001 0 eng
020 _a0333199413 :
020 _a0333199421 (pbk.)
035 _a(BD-RjUL)19130
035 _a2211382
040 _aLC
_beng
_cLC
_dABN:SN
_dBD-RjUL
041 _aeng
082 0 4 _223
_a339.47
_bGRC 1979
100 1 _aGreen, H. A. John.
_96064
245 1 0 _aConsumer theory /
_cH. A. John Green.
250 _aRev. ed.
260 _aLondon :
_bMacmillan,
_cc1979.
300 _a344 p. :
_bill. ;
_c23 cm.
504 _aIncludes bibliographies and index.
650 0 _aConsumption (Economics)
_958789
942 _2ddc
_cBK
999 _c19072
_d19072